Le calzature nei papiri di età greco-romana /

محفوظ في:

المؤلف الرئيسي: Russo, Simona (مؤلف)

التنسيق: كتاب

اللغة: Italian

منشور في: Firenze : Istituto papirologico "G. Vitelli, 2004.

سلاسل: Studi e testi di papirologia ; nuova ser., 2.

الموضوعات:

الوسوم: إضافة وسم

لا توجد وسوم, كن أول من يضع وسما على هذه التسجيلة!

رقم الطلب: GT2130 .R87 2004

LEADER 00947namaa2200277 4500
001 24773
003 OSt
005 20250807092828.0
008 130303s2004 it af g b 001 0 ita d
010 |a 2005373891 
020 |a 8887829306 
040 |c ARCE Library 
043 |a e-it---  |a cl----- 
050 4 |a GT2130 .R87 2004 
100 1 |a Russo, Simona,   |e author 
245 1 3 |a Le calzature nei papiri di età greco-romana /   |c Simona Russo. 
264 1 |a Firenze :   |b Istituto papirologico "G. Vitelli,   |c 2004. 
300 |a 289 pages, [15] color pages of plates :   |b illustrations ;   |c 24 cm. 
490 1 |a Studi e testi di papirologia ;   |v nuova ser., 2. 
504 |a Includes bibliographical references (pages [239]-268) and indexes. 
650 0 |a Footwear   |x History   |y To 1500. 
650 0 |a Manuscripts, Classical (Papyri) 
830 0 |a Studi e testi di papirologia ;   |v nuova ser., 2. 
901 |a reviewed 
942 |c BK  |2 lcc 
999 |c 23132  |d 23132